Long walk to freedom (Record no. 70051)

000 -LEADER
fixed length control field 00427nam a22001697a 4500
003 - CONTROL NUMBER IDENTIFIER
control field NUST - PNEC
005 - DATE AND TIME OF LATEST TRANSACTION
control field 20170116181132.0
008 - FIXED-LENGTH DATA ELEMENTS--GENERAL INFORMATION
fixed length control field 151006b xxu||||| |||| 00| 0 eng d
020 ## - INTERNATIONAL STANDARD BOOK NUMBER
International Standard Book Number -
040 ## - CATALOGING SOURCE
Transcribing agency LIBRARY
082 ## - DEWEY DECIMAL CLASSIFICATION NUMBER
Classification number 968.06 MAN
100 ## - MAIN ENTRY--PERSONAL NAME
9 (RLIN) 14060
Personal name Mandela,Nelson
245 ## - TITLE STATEMENT
Title Long walk to freedom
Statement of responsibility, etc. Nelson Mandela
260 ## - PUBLICATION, DISTRIBUTION, ETC.
Date of publication, distribution, etc. c.1995
650 ## - SUBJECT ADDED ENTRY--TOPICAL TERM
9 (RLIN) 14064
Topical term or geographic name entry element Long walk to freedom
General subdivision Autobiography
942 ## - ADDED ENTRY ELEMENTS (KOHA)
Source of classification or shelving scheme
Koha item type Book
Holdings
Withdrawn status Lost status Source of classification or shelving scheme Damaged status Not for loan Permanent Location Current Location Shelving location Date acquired Total Checkouts Full call number Barcode Date last seen Date last checked out Price effective from Koha item type
          Pakistan Navy Engineering College (PNEC) Pakistan Navy Engineering College (PNEC)     1 968.06 MAN PNECLIB-030970 10/28/2016 09/23/2016   Book
© 2023 Central Library, National University of Sciences and Technology. All Rights Reserved.